Regions of Namibia - Statistics

General Stats
  • This quiz has been taken 7 times
  • The average score is 7 of 14
Answer Stats
Area Population Region % Correct
64,000 km² 150,000 Erongo Region
75%
162,000 km² 80,000 ǁKaras Region
75%
115,000 km² 90,000 Kunene Region
75%
110,000 km² 80,000 Hardap Region
50%
26,000 km² 120,000 Kavango East Region
50%
23,000 km² 110,000 Kavango West Region
50%
37,000 km² 340,000 Khomas Region
50%
85,000 km² 70,000 Omaheke Region
50%
27,000 km² 240,000 Omusati Region
50%
39,000 km² 180,000 Oshikoto Region
50%
15,000 km² 90,000 Zambezi Region
50%
11,000 km² 250,000 Ohangwena Region
25%
9,000 km² 180,000 Oshana Region
25%
105,000 km 140,000 Otjozondjupa Region
25%
No matching quizzes found
Score Distribution
Percent of People with Each Score
Percentile by Number Answered
Your Score History
You have not taken this quiz